000
00287nam a2200109Ia 4500
008
200302s9999 xx 000 0 und d
100
_a
R. R. Barthwal
245
_a
Environmental Impact Assessment (66012)
260
_b
New Age International Publishers
260
_c
2002
300
_a
341 P.,
999
_c
5722
_d
5722